[Event "Portoroz op 12th"]
[Site "Portoroz"]
[Date "2018.07.15"]
[Round "3"]
[White "Privitera, Franco"]
[Black "Sgaravatti, Francesco"]
[Result "1/2-1/2"]
[WhiteElo "1994"]
[BlackElo "2146"]
[PlyCount "27"]
[EventDate "2018.07.14"]
[EventType "swiss"]
[EventRounds "9"]
[EventCountry "SVK"]
[SourceTitle "EXT 2019"]
[Source "ChessBase"]
[SourceDate "2018.10.10"]
[SourceVersion "1"]
[SourceVersionDate "2018.10.10"]
[SourceQuality "1"]

1. d4 d5 2. c4 c6 3. Nc3 dxc4 4. a4 e5 5. e3 exd4 6. Qxd4 Qxd4 7. exd4 Be6 8. Nf3 Nd7 9. Nd2 Nb6 10. a5 Nd5 11. Bxc4 Ngf6 12. 0-0 0-0-0 13. Nf3 h6 14. a6 1/2-1/2

[Event "Padova op-A 10th"]
[Site "Padova"]
[Date "2007.12.23"]
[Round "9.5"]
[White "Quaranta, Cristiano"]
[Black "Sgaravatti, Francesco"]
[Result "0-1"]
[WhiteElo "2070"]
[BlackElo "2175"]
[PlyCount "82"]
[EventDate "2007.12.15"]
[EventType "swiss"]
[EventRounds "9"]
[EventCountry "ITA"]
[SourceTitle "EXT 2024"]
[Source "ChessBase"]
[SourceDate "2023.10.10"]
[SourceVersion "1"]
[SourceVersionDate "2023.10.10"]
[SourceQuality "1"]

1. Nf3 f5 2. c4 Nf6 3. g3 d6 4. d4 g6 5. Bg2 Bg7 6. 0-0 0-0 7. Nc3 Qe8 8. d5 Na6 9. Rb1 c5 10. b3 Nc7 11. a4 h6 12. e3 g5 13. Ne2 b6 14. Qc2 Bd7 15. Bb2 a6 16. Ra1 Qh5 17. Ra2 Kh8 18. Re1 Rg8 19. Nd2 Raf8 20. Nf1 Ng4 21. Bxg7+ Rxg7 22. f4 Qf7 23. Qd3 Rd8 24. Rd2 Nf6 25. Nc3 Rb8 26. Rb1 Rgg8 27. Rdb2 b5 28. Nd2 b4 29. Ne2 Rbd8 30. Rd1 Qg7 31. Ra2 Rdf8 32. Rf1 Qg6 33. Rc1 Nce8 34. Kf1 Nh5 35. Ke1 Nef6 36. Kd1 Ng4 37. Ke1 Nxh2 38. fxg5 Qxg5 39. Nf1 Nxf1 40. Kxf1 f4 41. Nxf4 Qxg3 0-1

[Event "Padova op-A 10th"]
[Site "Padova"]
[Date "2007.12.20"]
[Round "6.8"]
[White "Sgaravatti, Francesco"]
[Black "Panican, Gheorghe"]
[Result "0-1"]
[WhiteElo "2175"]
[BlackElo "2104"]
[PlyCount "47"]
[EventDate "2007.12.15"]
[EventType "swiss"]
[EventRounds "9"]
[EventCountry "ITA"]
[SourceTitle "EXT 2024"]
[Source "ChessBase"]
[SourceDate "2023.10.10"]
[SourceVersion "1"]
[SourceVersionDate "2023.10.10"]
[SourceQuality "1"]

1. e4 c5 2. Nf3 d6 3. d4 cxd4 4. Nxd4 Nf6 5. Nc3 a6 6. Bg5 Nc6 7. Qd2 Bd7 8. 0-0-0 Nxd4 9. Qxd4 Qa5 10. f4 Rc8 11. e5 dxe5 12. fxe5 Be6 13. Bb5+ axb5 14. exf6 b4 15. Ne4 gxf6 16. Rhe1 Bg7 17. Nxf6+ Kf8 18. Nd7+ Kg8 19. Nf6+ exf6 20. Bxf6 Qf5 21. Qd8+ Rxd8 22. Rxd8+ Bf8 23. Rxf8+ Kxf8 24. Bxh8 0-1

[Event "Veneto-ch qf 67th"]
[Site "Arqua Petrarca"]
[Date "2007.05.13"]
[Round "5.5"]
[White "Pomaro, Alberto"]
[Black "Sgaravatti, Francesco"]
[Result "0-1"]
[WhiteElo "2128"]
[BlackElo "2165"]
[PlyCount "74"]
[EventDate "2007.05.05"]
[EventType "swiss"]
[EventRounds "6"]
[EventCountry "ITA"]
[SourceTitle "EXT 2024"]
[Source "ChessBase"]
[SourceDate "2023.10.10"]
[SourceVersion "1"]
[SourceVersionDate "2023.10.10"]
[SourceQuality "1"]

1. d4 f5 2. g3 Nf6 3. Bg2 d6 4. Nf3 g6 5. 0-0 Bg7 6. c4 0-0 7. Nc3 Qe8 8. d5 Na6 9. Rb1 c5 10. dxc6 bxc6 11. b4 Rb8 12. b5 cxb5 13. cxb5 Nc5 14. Nd4 Nfe4 15. Nxe4 fxe4 16. a4 Bd7 17. Ba3 Kh8 18. Bxc5 dxc5 19. Nb3 e3 20. Nxc5 exf2+ 21. Kh1 Bg4 22. Bf3 Rd8 23. Qb3 Bh3 24. Bc6 Bxf1 25. Bxe8 Bh3 26. Bf7 Rxf7 27. Qxf7 Rf8 28. Qxf8+ Bxf8 29. a5 e5 30. Ne4 Bf5 31. Nxf2 Bxb1 32. b6 a6 33. Kg2 Kg7 34. b7 Bd6 35. Kf1 Kf7 36. Ke1 Ke7 37. Kd1 e4 0-1

[Event "Veneto-ch qf 67th"]
[Site "Arqua Petrarca"]
[Date "2007.05.06"]
[Round "3.1"]
[White "Rossi, Carlo"]
[Black "Sgaravatti, Francesco"]
[Result "1-0"]
[WhiteElo "2342"]
[BlackElo "2165"]
[PlyCount "95"]
[EventDate "2007.05.05"]
[EventType "swiss"]
[EventRounds "6"]
[EventCountry "ITA"]
[SourceTitle "EXT 2024"]
[Source "ChessBase"]
[SourceDate "2023.10.10"]
[SourceVersion "1"]
[SourceVersionDate "2023.10.10"]
[SourceQuality "1"]

1. e4 e6 2. Bb5 c6 3. Ba4 d5 4. e5 b6 5. Nf3 Ba6 6. d3 Ne7 7. 0-0 Nd7 8. c3 Qc7 9. Re1 c5 10. Na3 Ng6 11. h4 0-0-0 12. d4 h6 13. h5 Ne7 14. Nb5 Bxb5 15. Bxb5 Kb7 16. a4 a6 17. Bxd7 Qxd7 18. a5 c4 19. axb6 Qb5 20. b3 Qxb3 21. Qd2 Nc6 22. Qf4 Rd7 23. Bd2 Qc2 24. Reb1 Rg8 25. Ne1 Qh7 26. Qg4 Be7 27. Qd1 Ra8 28. Ra4 Qf5 29. Rb2 f6 30. exf6 Bxf6 31. g4 Qe4 32. f3 Qh7 33. Be3 g6 34. hxg6 Qxg6 35. Rh2 Bg5 36. Qd2 Rg7 37. Ng2 Rf8 38. Bxg5 hxg5 39. Ne1 Rh7 40. Rxh7+ Qxh7 41. Ra2 Rh8 42. Qg2 Qb1 43. Re2 Rh6 44. Qg3 Qh7 45. Ng2 Rh1+ 46. Kf2 Kxb6 47. Rb2+ Ka7 48. Qd6 1-0

[Event "Latschach op 22nd"]
[Site "Latschach"]
[Date "2006.08.18"]
[Round "8"]
[White "Mandekic, Ivan"]
[Black "Sgaravatti, Francesco"]
[Result "1-0"]
[WhiteElo "2251"]
[BlackElo "2124"]
[PlyCount "93"]
[EventDate "2006.08.12"]
[EventType "swiss"]
[EventRounds "9"]
[EventCountry "AUT"]
[SourceTitle "CBM 113 Extra"]
[Source "ChessBase"]
[SourceDate "2006.09.14"]
[SourceVersion "1"]
[SourceVersionDate "2006.09.14"]
[SourceQuality "1"]

1. c4 f5 2. Nc3 Nf6 3. g3 g6 4. Bg2 Bg7 5. d3 d6 6. e3 0-0 7. Nge2 a5 8. 0-0 Na6 9. Rb1 c6 10. a3 Bd7 11. b4 axb4 12. axb4 e5 13. Ba3 Re8 14. d4 Nc7 15. Qb3 Be6 16. d5 cxd5 17. cxd5 Bf7 18. Bb2 b5 19. Rfd1 e4 20. h4 h6 21. Nf4 g5 22. hxg5 hxg5 23. Nfe2 Re5 24. Qc2 Nfxd5 25. Nxd5 Rxd5 26. Bxg7 Kxg7 27. Rbc1 Rxd1+ 28. Rxd1 Bc4 29. Nd4 Qd7 30. g4 fxg4 31. Bxe4 d5 32. Bf5 Qf7 33. Kg2 Ne8 34. Rh1 Nf6 35. Be6 Ra2 36. Qxa2 Bxa2 37. Bxf7 Kxf7 38. Ra1 Bc4 39. Ra5 Ne4 40. Nxb5 Nd2 41. Nd4 Ke7 42. b5 Kd8 43. Ra7 Ne4 44. b6 Nc5 45. Rc7 Nd7 46. Ne6+ Ke8 47. Rxd7 1-0

[Event "Turin olympic op-A"]
[Site "Turin"]
[Date "2006.05.29"]
[Round "9"]
[White "Sgaravatti, Francesco"]
[Black "Laurenti, Stefano"]
[Result "1-0"]
[WhiteElo "2124"]
[BlackElo "2030"]
[PlyCount "53"]
[EventDate "2006.05.22"]
[EventType "swiss"]
[EventRounds "9"]
[EventCountry "ITA"]
[SourceTitle "EXT 2011"]
[Source "ChessBase"]
[SourceDate "2010.11.26"]
[SourceVersion "1"]
[SourceVersionDate "2010.11.26"]
[SourceQuality "1"]

1. e4 d6 2. d4 Nf6 3. Bd3 e5 4. Nf3 Bg4 5. c3 c6 6. Be3 Nbd7 7. Nbd2 Be7 8. Qb3 Qc7 9. h3 Bh5 10. 0-0 Rc8 11. Nh2 Bg6 12. f4 exf4 13. Bxf4 Nh5 14. Be3 d5 15. Qc2 dxe4 16. Nxe4 0-0 17. Rae1 f5 18. Ng5 Bd6 19. Nhf3 Rce8 20. Qb3+ Bf7 21. Nxf7 Rxf7 22. Ng5 Bh2+ 23. Kh1 Ng3+ 24. Kxh2 Nxf1+ 25. Kg1 Qh2+ 26. Kxf1 Qh1+ 27. Kf2 1-0

[Event "Turin olympic op-A"]
[Site "Turin"]
[Date "2006.05.27"]
[Round "7"]
[White "Sgaravatti, Francesco"]
[Black "Avalos Parra, Joao"]
[Result "0-1"]
[WhiteElo "2124"]
[BlackElo "2262"]
[PlyCount "112"]
[EventDate "2006.05.22"]
[EventType "swiss"]
[EventRounds "9"]
[EventCountry "ITA"]
[SourceTitle "EXT 2011"]
[Source "ChessBase"]
[SourceDate "2010.11.26"]
[SourceVersion "1"]
[SourceVersionDate "2010.11.26"]
[SourceQuality "1"]

1. e4 e6 2. Nf3 c5 3. c3 d5 4. exd5 exd5 5. d4 Nf6 6. Bb5+ Nc6 7. Ne5 Bd7 8. Nxd7 Qxd7 9. 0-0 c4 10. Nd2 Be7 11. Nf3 0-0 12. Ne5 Qc7 13. Nxc6 bxc6 14. Ba4 Bd6 15. g3 Rae8 16. Kg2 Re6 17. Bc2 Rfe8 18. Be3 Ne4 19. Qh5 g6 20. Qh3 f5 21. Bh6 Qb8 22. Rab1 Nf6 23. b3 Qc7 24. bxc4 dxc4 25. Bd1 Qa5 26. Bf3 Nd5 27. Rb7 R6e7 28. Rfb1 Qxc3 29. Bg5 Rxb7 30. Rxb7 Nc7 31. Bf6 Qe1 32. Qh6 Bf8 33. Qh4 Bd6 34. Bxc6 Qe6 35. Bxe8 Qd5+ 36. Kh3 Qxb7 37. Bd7 Qd5 38. Ba4 Qe6 39. Be5 Bxe5 40. dxe5 f4+ 41. Qg4 Qxe5 42. Qc8+ Kg7 43. Qd7+ Kh6 44. Qd2 Nd5 45. Bd1 c3 46. Qd3 Qf5+ 47. Qxf5 gxf5 48. a3 Nb6 49. Bb3 Nc4 50. a4 Na3 51. Kg2 fxg3 52. hxg3 c2 53. Bxc2 Nxc2 54. Kf3 Kg5 55. Ke2 Nb4 56. f3 h5 0-1

[Event "Turin olympic op-A"]
[Site "Turin"]
[Date "2006.05.26"]
[Round "5"]
[White "Valenti, Giuseppe"]
[Black "Sgaravatti, Francesco"]
[Result "0-1"]
[WhiteElo "2271"]
[BlackElo "2124"]
[PlyCount "112"]
[EventDate "2006.05.22"]
[EventType "swiss"]
[EventRounds "9"]
[EventCountry "ITA"]
[SourceTitle "EXT 2011"]
[Source "ChessBase"]
[SourceDate "2010.11.26"]
[SourceVersion "1"]
[SourceVersionDate "2010.11.26"]
[SourceQuality "1"]

1. e4 e6 2. d4 d5 3. Nd2 Nf6 4. e5 Nfd7 5. Bd3 c5 6. c3 Nc6 7. Ne2 cxd4 8. cxd4 f6 9. exf6 Nxf6 10. Nf3 Bd6 11. 0-0 Qc7 12. Nc3 a6 13. Bg5 0-0 14. Rc1 h6 15. Bh4 Qf7 16. Bb1 Bd7 17. Re1 Qh5 18. h3 Bf4 19. Rc2 Rae8 20. a3 b5 21. b4 a5 22. Rb2 axb4 23. axb4 Bd6 24. Bxf6 gxf6 25. Nxb5 Bxb4 26. Re3 Re7 27. Qe2 Rg7 28. Ne1 Qxe2 29. Rexe2 Rb8 30. Nc7 Nxd4 31. Re3 Rb6 32. Ba2 Ba5 33. Rxb6 Bxb6 34. Nxd5 exd5 35. Bxd5+ Kf8 36. Nd3 Re7 37. Rxe7 Kxe7 38. Kh2 Bf5 39. Ne1 Nc2 40. Nxc2 Bxc2 41. f3 Kd6 42. Bb7 Be3 43. g4 Ke5 44. Kg2 Kf4 45. Bc6 Kg5 46. Bd5 Bd3 47. Be6 Kf4 48. Bd7 Ke5 49. Bc8 Bc4 50. Kg3 Bf4+ 51. Kf2 Kd4 52. Bf5 Bd5 53. Bg6 Kc3 54. Bf5 Kd2 55. Bc8 Bg5 56. Kg3 Ke3 0-1

[Event "Faakersee op 21st"]
[Site "Latschach"]
[Date "2005.08.19"]
[Round "8"]
[White "Trevisan, Luigi"]
[Black "Sgaravatti, Francesco"]
[Result "1-0"]
[WhiteElo "2158"]
[BlackElo "2138"]
[PlyCount "117"]
[EventDate "2005.08.13"]
[EventType "swiss"]
[EventRounds "9"]
[EventCountry "AUT"]
[SourceTitle "EXT 2006"]
[Source "ChessBase"]
[SourceDate "2005.11.24"]
[SourceVersion "1"]
[SourceVersionDate "2005.11.24"]
[SourceQuality "1"]

1. e4 Nf6 2. e5 Nd5 3. d4 d6 4. Nf3 dxe5 5. Nxe5 c6 6. Bd3 Nd7 7. Nxd7 Bxd7 8. 0-0 g6 9. c3 Bg7 10. Nd2 0-0 11. Re1 Qc7 12. Nf3 Bg4 13. h3 Bxf3 14. Qxf3 e5 15. dxe5 Bxe5 16. Bc4 Nb6 17. Bb3 c5 18. Bg5 c4 19. Bc2 f6 20. Bh6 Rfd8 21. h4 Nd5 22. g3 Ne7 23. Qe2 Kh8 24. h5 Ng8 25. Be3 Kg7 26. Qg4 Qc8 27. Qe4 Ne7 28. Bd4 Nc6 29. Be3 Ne7 30. Bf4 Nc6 31. Qxc4 Nd4 32. h6+ Kh8 33. Qxc8 Nf3+ 34. Kf1 Raxc8 35. Be3 Nxe1 36. Rxe1 b6 37. f4 Bd6 38. Bd4 Rf8 39. Re6 Bc5 40. Bxf6+ Rxf6 41. Rxf6 Rf8 42. Re6 Rf7 43. Re8+ Rf8 44. Re5 Bd6 45. Rd5 Rf6 46. Bb3 Bf8 47. Rd8 g5 48. f5 Rxf5+ 49. Ke2 g4 50. Ke3 Rf6 51. Ke4 Rf2 52. Ra8 Rf3 53. Be6 Rf2 54. Bxg4 Rf6 55. Ke5 Rf2 56. b4 Rf1 57. Be6 Re1+ 58. Kd5 Rf1 59. g4 1-0

[Event "Faakersee op 21st"]
[Site "Latschach"]
[Date "2005.08.14"]
[Round "3"]
[White "Sgaravatti, Francesco"]
[Black "Behm, Simon"]
[Result "1/2-1/2"]
[WhiteElo "2138"]
[BlackElo "2225"]
[PlyCount "84"]
[EventDate "2005.08.13"]
[EventType "swiss"]
[EventRounds "9"]
[EventCountry "AUT"]
[SourceTitle "EXT 2006"]
[Source "ChessBase"]
[SourceDate "2005.11.24"]
[SourceVersion "1"]
[SourceVersionDate "2005.11.24"]
[SourceQuality "1"]

1. e4 c5 2. Nf3 Nc6 3. d4 cxd4 4. Nxd4 Nf6 5. Nc3 e5 6. Ndb5 d6 7. Bg5 a6 8. Na3 b5 9. Nd5 Be7 10. Bxf6 Bxf6 11. c3 Bg5 12. Nc2 0-0 13. a4 bxa4 14. Rxa4 a5 15. Bc4 Rb8 16. Ra2 Kh8 17. Nce3 Bxe3 18. Nxe3 f5 19. exf5 Bxf5 20. Nxf5 Rxf5 21. 0-0 Ne7 22. Bd5 Qb6 23. g3 Qc5 24. Be4 Rf6 25. Qa4 d5 26. Bg2 Nc6 27. c4 Nb4 28. Qxa5 Qxc4 29. Ra3 e4 30. Rc3 Qd4 31. Qc5 Qxc5 32. Rxc5 Rd6 33. Ra1 h6 34. Ra7 Na6 35. Rc2 Rbb6 36. Rc8+ Kh7 37. Re8 Re6 38. Rxe6 Rxe6 39. Rd7 Nb4 40. Rb7 Nc6 41. b4 Kg6 42. Kf1 Kf6 1/2-1/2

[Event "Padua Province-ch"]
[Site "Monselice"]
[Date "2005.01.16"]
[Round "5"]
[White "Sgaravatti, Francesco"]
[Black "Cedriano, Filippo"]
[Result "1-0"]
[WhiteElo "2136"]
[BlackElo "2052"]
[PlyCount "119"]
[EventDate "2005.01.08"]
[EventType "swiss"]
[EventRounds "6"]
[EventCountry "ITA"]
[SourceTitle "EXT 2024"]
[Source "ChessBase"]
[SourceDate "2023.10.10"]
[SourceVersion "1"]
[SourceVersionDate "2023.10.10"]
[SourceQuality "1"]

1. e4 c5 2. Nf3 g6 3. c4 Bg7 4. d4 cxd4 5. Nxd4 Nc6 6. Nc2 d6 7. Be2 Nf6 8. Nc3 0-0 9. 0-0 a6 10. Rb1 Nd7 11. Nd5 e6 12. Ndb4 Qc7 13. Bf4 Nde5 14. Qd2 a5 15. Nxc6 bxc6 16. Rfd1 Rd8 17. Bg5 Rd7 18. f4 f6 19. fxe5 fxg5 20. exd6 Qb6+ 21. Kh1 h6 22. Qd3 e5 23. Bg4 Rd8 24. d7 Ba6 25. Be6+ Kh7 26. Qd6 Qf2 27. Rd2 Qf4 28. Re2 Rab8 29. Kg1 Rf8 30. b3 Bb7 31. Qc5 Qf6 32. Bh3 h5 33. g3 Qd8 34. Rd1 g4 35. Bg2 Rf7 36. Red2 Bf6 37. h3 Qc7 38. hxg4 hxg4 39. Qd6 Qxd6 40. Rxd6 Rd8 41. Rf1 Kg7 42. Ne3 Be7 43. Rd3 Bc5 44. Rxf7+ Kxf7 45. Kf1 Bxe3 46. Rxe3 Rxd7 47. Ke2 Kf6 48. c5 Ba6+ 49. Ke1 Rd4 50. Bf1 Bxf1 51. Kxf1 a4 52. Ke2 axb3 53. axb3 Rb4 54. Kd2 Rd4+ 55. Kc3 Ke6 56. b4 Kd7 57. Rd3 Rxd3+ 58. Kxd3 Kc7 59. Kc4 Kb7 60. b5 1-0

[Event "Veneto-ch Quarti di Finale 64th"]
[Site "Arqua Petrarca"]
[Date "2004.05.16"]
[Round "5.5"]
[White "Sgaravatti, Francesco"]
[Black "Belloni, Umberto"]
[Result "1-0"]
[WhiteElo "2140"]
[BlackElo "1968"]
[PlyCount "69"]
[EventDate "2004.05.08"]
[EventType "swiss"]
[EventRounds "6"]
[EventCountry "ITA"]
[SourceTitle "EXT 2023"]
[Source "ChessBase"]
[SourceDate "2022.10.05"]
[SourceVersion "1"]
[SourceVersionDate "2022.10.05"]
[SourceQuality "1"]

1. e4 e6 2. Nf3 d5 3. Nc3 dxe4 4. Nxe4 Nf6 5. Nxf6+ gxf6 6. d4 c5 7. Be3 cxd4 8. Nxd4 a6 9. Qf3 Nd7 10. 0-0-0 Ne5 11. Nc6 Qc7 12. Qxf6 Nxc6 13. Qxh8 Nb4 14. c3 e5 15. a3 Na2+ 16. Kc2 Be6 17. Bh6 Ke7 18. Bxf8+ Rxf8 19. Qxh7 Qb6 20. Qh4+ f6 21. Bc4 Bf5+ 22. Bd3 Be6 23. c4 a5 24. b3 a4 25. Rb1 Qa5 26. b4 Qc7 27. Rb2 b5 28. Rxa2 bxc4 29. Bg6 Qc8 30. Kc3 Rh8 31. Qg3 Rd8 32. Rd2 Rxd2 33. Kxd2 Qd7+ 34. Kc2 Qb5 35. Qe3 1-0

[Event "Veneto-ch Quarti di Finale 64th"]
[Site "Arqua Petrarca"]
[Date "2004.05.09"]
[Round "3.4"]
[White "Sgaravatti, Francesco"]
[Black "Quaranta, Cristiano"]
[Result "1-0"]
[WhiteElo "2140"]
[BlackElo "2031"]
[PlyCount "61"]
[EventDate "2004.05.08"]
[EventType "swiss"]
[EventRounds "6"]
[EventCountry "ITA"]
[SourceTitle "EXT 2023"]
[Source "ChessBase"]
[SourceDate "2022.10.05"]
[SourceVersion "1"]
[SourceVersionDate "2022.10.05"]
[SourceQuality "1"]

1. e4 c5 2. Nf3 Nc6 3. d4 cxd4 4. Nxd4 g6 5. c4 Bg7 6. Be3 Nf6 7. Nc3 d6 8. Be2 0-0 9. Nc2 Be6 10. 0-0 Rc8 11. h3 Nd7 12. Qd2 a6 13. Rab1 Na5 14. b3 b5 15. Nd4 bxc4 16. b4 Nb7 17. Nxe6 fxe6 18. Bg4 Kf7 19. Bxe6+ Ke8 20. Bh6 Bxc3 21. Qxc3 Rf6 22. Bd5 Qc7 23. Bg5 Rf8 24. Qg7 Ne5 25. Be6 Ra8 26. Bh6 Nd7 27. Qxh7 Rf6 28. Qg8+ Nf8 29. Bxf8 Rxf8 30. Qxg6+ Kd8 31. Rbc1 1-0

[Event "ITA-chT A2 36th"]
[Site "Italy"]
[Date "2004.04.18"]
[Round "5"]
[White "Sgaravatti, Francesco"]
[Black "Farachi, Francesco"]
[Result "1-0"]
[WhiteElo "2140"]
[BlackElo "2102"]
[PlyCount "81"]
[EventDate "2004.02.22"]
[EventType "team"]
[EventRounds "7"]
[EventCountry "ITA"]
[SourceTitle "EXT 2009"]
[Source "ChessBase"]
[SourceDate "2008.11.26"]
[SourceVersion "1"]
[SourceVersionDate "2008.11.26"]
[SourceQuality "1"]

1. e4 c5 2. Nf3 Nc6 3. d4 cxd4 4. Nxd4 Nf6 5. Nc3 e5 6. Ndb5 d6 7. Nd5 Nxd5 8. exd5 Nb8 9. c4 Be7 10. Be2 0-0 11. 0-0 f5 12. Kh1 a6 13. Nc3 Nd7 14. f4 e4 15. Be3 Bf6 16. Rc1 b6 17. a3 Bb7 18. b4 Kh8 19. Na4 Rc8 20. Qb3 Ba8 21. Rfd1 g5 22. g3 gxf4 23. gxf4 Rg8 24. Rg1 Rb8 25. Nc3 Qe7 26. Qc2 Rxg1+ 27. Rxg1 Rg8 28. Rxg8+ Kxg8 29. Qd2 Bg7 30. Na4 Qf6 31. Qa2 Bh6 32. Qb2 Qh4 33. Qd2 Qh3 34. Kg1 Ne5 35. Nxb6 Bb7 36. c5 dxc5 37. bxc5 Ng4 38. Bxg4 Qxg4+ 39. Qg2 a5 40. c6 Kf7 41. Qxg4 1-0

[Event "Veneto Region-ch"]
[Site "Arqua Petrarca"]
[Date "2001.05.13"]
[Round "5"]
[White "Sgaravatti, Francesco"]
[Black "Pesco, Giuseppe"]
[Result "1-0"]
[WhiteElo "2066"]
[BlackElo "1959"]
[PlyCount "137"]
[EventDate "2001.05.05"]
[EventType "swiss"]
[EventRounds "6"]
[EventCountry "ITA"]
[SourceTitle "EXT 2023"]
[Source "ChessBase"]
[SourceDate "2022.10.05"]
[SourceVersion "1"]
[SourceVersionDate "2022.10.05"]
[SourceQuality "1"]

1. e4 d6 2. d4 Nf6 3. Nd2 g6 4. Ngf3 Bg7 5. Bd3 Nc6 6. 0-0 e5 7. d5 Ne7 8. Re1 0-0 9. c4 Ne8 10. b4 a5 11. bxa5 Rxa5 12. Nb3 Ra8 13. a4 f5 14. a5 Nf6 15. Nfd2 f4 16. c5 g5 17. cxd6 cxd6 18. Nc4 g4 19. Ba3 Ne8 20. Nb6 Rb8 21. Nd2 Rf6 22. Nxc8 Qxc8 23. Rc1 Qd7 24. Qb3 Ng6 25. Bb5 Qe7 26. Bxe8 Rxe8 27. Qb6 Nh4 28. Rc7 Qf8 29. Qxb7 Rh6 30. Rec1 Qf6 31. Rc8 Rf8 32. Rxf8+ Bxf8 33. Qd7 Qg5 34. Nf1 Nf3+ 35. Kh1 Nxh2 36. Nxh2 Qh4 37. Kg1 Qxh2+ 38. Kf1 f3 39. Qxg4+ Rg6 40. Qxf3 Qh4 41. Ke2 Qd8 42. Bb4 Qb8 43. Bd2 Qb5+ 44. Qd3 Qe8 45. Kf1 Rf6 46. a6 Rf7 47. Be3 Qa4 48. a7 Rxa7 49. Bxa7 Qxa7 50. Qg3+ Qg7 51. Qh3 Qg6 52. f3 Qh6 53. Qg4+ Qg6 54. Qxg6+ hxg6 55. Kf2 Kf7 56. Kg3 Be7 57. Kg4 g5 58. Rc7 Kf6 59. Rxe7 Kxe7 60. Kxg5 Kf7 61. g3 Kg7 62. f4 exf4 63. gxf4 Kf7 64. e5 dxe5 65. fxe5 Ke7 66. Kg6 Kd7 67. Kf7 Kc7 68. e6 Kd6 69. e7 1-0

[Event "Veneto Region-ch"]
[Site "Arqua Petrarca"]
[Date "2001.05.12"]
[Round "4"]
[White "Solinas, Carlo"]
[Black "Sgaravatti, Francesco"]
[Result "1-0"]
[WhiteElo "2045"]
[BlackElo "2066"]
[PlyCount "73"]
[EventDate "2001.05.05"]
[EventType "swiss"]
[EventRounds "6"]
[EventCountry "ITA"]
[SourceTitle "EXT 2023"]
[Source "ChessBase"]
[SourceDate "2022.10.05"]
[SourceVersion "1"]
[SourceVersionDate "2022.10.05"]
[SourceQuality "1"]

1. e4 e6 2. d4 d5 3. Nc3 Bb4 4. e5 c5 5. a3 Ba5 6. b4 cxd4 7. Qg4 Ne7 8. Qxg7 Rg8 9. Qxh7 dxc3 10. bxa5 Nbc6 11. Nf3 Qc7 12. Bf4 Bd7 13. a6 0-0-0 14. axb7+ Kb8 15. Bd3 Rh8 16. Qg7 d4 17. Qg3 Rdg8 18. Bg5 Nd5 19. 0-0 Be8 20. Rfe1 Qa5 21. h4 Qc5 22. Qg4 Kxb7 23. Rab1+ Ka8 24. Rb5 Qf8 25. Rxd5 f5 26. exf6 exd5 27. Qc8+ Nb8 28. Rb1 Bb5 29. Qxf8 Rxf8 30. Rxb5 Nc6 31. Rc5 Kb7 32. Rxc6 Kxc6 33. Ne5+ Kb6 34. Ng6 Ka5 35. Nxh8 Rxh8 36. f7 Ka4 37. Be7 1-0

[Event "Caorle op"]
[Site "Caorle"]
[Date "1989.??.??"]
[Round "7"]
[White "Kajganovic, Miodrag"]
[Black "Sgaravatti, Francesco"]
[Result "1-0"]
[WhiteElo "2230"]
[BlackElo "2085"]
[PlyCount "79"]
[EventDate "1989.07.??"]
[EventType "swiss"]
[EventRounds "8"]
[EventCountry "ITA"]
[SourceTitle "EXT 2000"]
[Source "ChessBase"]
[SourceDate "1999.11.16"]
[SourceVersion "1"]
[SourceVersionDate "1999.11.16"]
[SourceQuality "1"]

1. c4 e6 2. Nc3 d5 3. cxd5 exd5 4. d4 Nf6 5. Bg5 Be7 6. Qc2 c6 7. e3 0-0 8. Bd3 Nbd7 9. Nge2 Re8 10. h3 Nf8 11. g4 Ne4 12. Bxe7 Qxe7 13. Bxe4 dxe4 14. Ng3 Be6 15. Ngxe4 Nd7 16. Ng3 Nb6 17. e4 c5 18. dxc5 Qxc5 19. 0-0 g6 20. Qc1 Rac8 21. Qh6 Nc4 22. Rac1 Qe5 23. b3 Nb6 24. Nce2 Qb2 25. Rxc8 Bxc8 26. Nf4 Bd7 27. Rd1 Qc2 28. Rd4 Qc1+ 29. Kg2 Bc6 30. f3 Qb2+ 31. Nfe2 Bb5 32. Rd2 Qa1 33. Nd4 Bd7 34. h4 Qc3 35. h5 a5 36. Qf4 a4 37. h6 f6 38. Nge2 Qb4 39. Qxf6 Qxd2 40. Qg7# 1-0

[Event "Caorle op"]
[Site "Caorle"]
[Date "1989.??.??"]
[Round "2"]
[White "Sgaravatti, Francesco"]
[Black "Gaggiottini, Manfredo"]
[Result "0-1"]
[WhiteElo "2085"]
[BlackElo "2030"]
[PlyCount "73"]
[EventDate "1989.07.??"]
[EventType "swiss"]
[EventRounds "8"]
[EventCountry "ITA"]
[SourceTitle "EXT 2000"]
[Source "ChessBase"]
[SourceDate "1999.11.16"]
[SourceVersion "1"]
[SourceVersionDate "1999.11.16"]
[SourceQuality "1"]

1. e4 Nf6 2. e5 Nd5 3. d4 d6 4. Bc4 Nb6 5. Bb3 g6 6. Qe2 Nc6 7. Nf3 Bg4 8. Bxf7+ Kxf7 9. Ng5+ Ke8 10. Qxg4 dxe5 11. dxe5 Nxe5 12. Qe2 Qd6 13. 0-0 Rd8 14. Nc3 Bg7 15. Rd1 Qc6 16. Rxd8+ Kxd8 17. Bf4 Nbd7 18. Rd1 Kc8 19. Rd5 Nc4 20. Rxd7 Kxd7 21. Qd3+ Kc8 22. Nd5 Re8 23. Nxc7 Rd8 24. Qe2 Nxb2 25. h4 Rd1+ 26. Kh2 e5 27. Nce6 exf4 28. Nxg7 f3 29. gxf3 Qc7+ 30. Kg2 Qxg7 31. Qe8+ Rd8 32. Qxd8+ Kxd8 33. Ne6+ Ke7 34. Nxg7 Kf7 35. Nf5 gxf5 36. f4 Ke6 37. Kf3 0-1